Greek Word Roots - Statistics

General Stats
  • This quiz has been taken 75 times
  • The average score is 10 of 32
Answer Stats
Hint Answer % Correct
bios life
98%
ora time
73%
chronos time
73%
monos one
69%
phobos fear
67%
hippos horse
53%
demos people
53%
asteriskos little star
51%
lexis word
45%
tele far
42%
ceros horn
42%
rhinos nose
40%
potamos river
36%
logia study
35%
graphein write
35%
pteron wing
29%
ge earth
27%
zoion animal
25%
phone voice
24%
xenos stranger
22%
kratos rule
16%
pantos all
13%
homois similar
11%
mimos mimic
9%
kata down
7%
helikos spiral
7%
pathos suffering
5%
strophe turning
2%
gamos union
2%
dys impaired
0%
skopein observe
0%
klon twig
0%
No matching quizzes found
Score Distribution
Percent of People with Each Score
Percentile by Number Answered
Your Score History
You have not taken this quiz